The Struggle over Democracy in the Middle East : (Record no. 13491)
[ view plain ]
| 000 -LEADER | |
|---|---|
| fixed length control field | 01374cam a22003378a 4500 |
| 001 - CONTROL NUMBER | |
| control field | 15671381 |
| 005 - DATE AND TIME OF LATEST TRANSACTION | |
| control field | 20161012132139.0 |
| 008 - FIXED-LENGTH DATA ELEMENTS--GENERAL INFORMATION | |
| fixed length control field | 090324s2009 enk |rb 001 0 eng |
| 010 ## - LIBRARY OF CONGRESS CONTROL NUMBER | |
| LC control number | 2009012469 |
| 020 ## - INTERNATIONAL STANDARD BOOK NUMBER | |
| International Standard Book Number | 9780415773805 (pbk. : alk. paper) |
| 040 ## - CATALOGING SOURCE | |
| Original cataloging agency | DLC |
| Transcribing agency | DLC |
| 043 ## - GEOGRAPHIC AREA CODE | |
| Geographic area code | aw----- |
| -- | ma----- |
| 050 00 - LIBRARY OF CONGRESS CALL NUMBER | |
| Classification number | JQ1850.A91 |
| Item number | S77 2009 |
| 082 00 - DEWEY DECIMAL CLASSIFICATION NUMBER | |
| Classification number | 320.956 |
| Edition number | 22 |
| Item number | STR |
| 245 04 - TITLE STATEMENT | |
| Title | The Struggle over Democracy in the Middle East : |
| Remainder of title | Regional Politics and External Policies / |
| Statement of responsibility, etc | Edited by Nathan J. Brown and Emad El-Din Shahin. |
| 260 ## - PUBLICATION, DISTRIBUTION, ETC. (IMPRINT) | |
| Place of publication, distribution, etc | Milton Park, Abingdon, Oxon ; |
| -- | New York : |
| Name of publisher, distributor, etc | Routledge, 2010 |
| Date of publication, distribution, etc | 2010 |
| 263 ## - PROJECTED PUBLICATION DATE | |
| Projected publication date | 1111 |
| 300 ## - PHYSICAL DESCRIPTION | |
| Extent | 201p.; |
| Dimensions | 22 cm. |
| 490 0# - Series Statement | |
| Series statement | UCLA Center for Middle East Development (CMED) series ; |
| Volume/sequential designation | 1 |
| 504 ## - BIBLIOGRAPHY, ETC. NOTE | |
| Bibliography, etc | Includes bibliographical references and index. |
| 651 #0 - SUBJECT ADDED ENTRY--GEOGRAPHIC NAME | |
| Geographic name | Arab countries |
| General subdivision | Politics and government |
| Chronological subdivision | 1945- |
| 9 (RLIN) | 11826 |
| 651 #0 - SUBJECT ADDED ENTRY--GEOGRAPHIC NAME | |
| Geographic name | Middle East |
| General subdivision | Politics and government |
| Chronological subdivision | 1979- |
| 9 (RLIN) | 11827 |
| 650 #0 - SUBJECT ADDED ENTRY--TOPICAL TERM | |
| 9 (RLIN) | 11825 |
| Topical term or geographic name as entry element | Democracy |
| Geographic subdivision | Middle East |
| 650 #0 - SUBJECT ADDED ENTRY--TOPICAL TERM | |
| 9 (RLIN) | 11823 |
| Topical term or geographic name as entry element | Democratization |
| Geographic subdivision | Middle East |
| 650 #0 - SUBJECT ADDED ENTRY--TOPICAL TERM | |
| 9 (RLIN) | 11824 |
| Topical term or geographic name as entry element | Democracy |
| Geographic subdivision | Arab countries |
| 650 #0 - SUBJECT ADDED ENTRY--TOPICAL TERM | |
| 9 (RLIN) | 11822 |
| Topical term or geographic name as entry element | Democratization |
| Geographic subdivision | Arab countries |
| 700 1# - ADDED ENTRY--PERSONAL NAME | |
| Personal name | Brown, Nathan J. |
| 9 (RLIN) | 11828 |
| 700 1# - ADDED ENTRY--PERSONAL NAME | |
| Personal name | Shahin, Emad Eldin, |
| Dates associated with a name | 1957- |
| 9 (RLIN) | 11829 |
| 942 ## - ADDED ENTRY ELEMENTS (KOHA) | |
| Source of classification or shelving scheme | Dewey Decimal Classification |
| Item type | Book - Borrowing |
| Withdrawn status | Item status | Source of classification or shelving scheme | Damaged status | Not for loan | Vendor | Home library | Current library | Shelving location | Date acquired | Source of acquisition | Cost, normal purchase price | Serial Enumeration / chronology | Total Checkouts | Total Renewals | Full call number | Barcode | Date last seen | Date last borrowed | Koha item type |
|---|---|---|---|---|---|---|---|---|---|---|---|---|---|---|---|---|---|---|---|
| Dewey Decimal Classification | MERIC | Central Library | Central Library | First floor | 24/02/2010 | 215.80 | 10029 | 14 | 35 | 320.956 STR | 000019905 | 15/07/2025 | 16/09/2019 | Book - Borrowing |